All UCL Final Goal Scorers of the 21st Century - Statistics

General Stats
  • This quiz has been taken 192 times
  • The average score is 19 of 24
Answer Stats
Hint Answer % Correct
2008 Ronaldo, Lampard
99%
2017 Ronaldo, Mandzukic, Casemiro, Asensio
99%
2009 Eto'o, Messi
98%
2011 Pedro, Messi, Villa
98%
2018 Benzema, Mane, Bale
96%
2019 Salah, Origi
95%
2014 Godin, Ramos, Bale, Marcelo
93%
2012 Muller, Drogba
92%
2015 Rakitic, Morata, Suarez, Neymar
91%
2013 Mandzukic, Gundogan, Robben
87%
2024 Carvajal, Vini Jr
86%
2021 Havertz
86%
2023 Rodri
86%
2020 Coman
84%
2016 Ramos, Carrasco
83%
2005 Maldini, Crespo,Gerrard, Smicer, Alonso
82%
2002 Raul, Zidane
79%
2022 Vini Jr
78%
2006 Eto'o, Belletti
70%
2010 Milito
68%
2007 Inzaghi, Kuyt
60%
2000 Morientes, McManaman, Raul
53%
2004 Carlos Alberto, Deco, Alenichev
50%
2001 Effenberg, Mendieta
16%
No matching quizzes found
Score Distribution
Percent of People with Each Score
Percentile by Number Answered
Your Score History
You have not taken this quiz